书目信息 |
| 题名: |
塑料成型模具制造技术
|
|
| 作者: | 任鸿烈 , 冯良为 著 | |
| 分册: | ||
| 出版信息: | 广州 华南理工大学出版社 1989.03 |
|
| 页数: | 358页 | |
| 开本: | 32开 | |
| 丛书名: | ||
| 单 册: | ||
| 中图分类: | TQ320.66 | |
| 科图分类: | ||
| 主题词: | 合成树脂--化学工业 , 塑料工业 | |
| 电子资源: | ||
| ISBN: | 7-5623-0105-0 | |
| 000 | 00656nam0 2200217 45 | |
| 001 | 0007152303 | |
| 005 | 20000716000334.1 | |
| 010 | @a7-5623-0105-0@d8.00。5 | |
| 100 | @a20000715d1989 km y0chiy0120 ea | |
| 101 | 0 | @achi |
| 105 | @a z 000yy | |
| 200 | 1 | @a塑料成型模具制造技术@ASu Liao Cheng Xing Mo Ju Zhi Zao Ji Shu@f任鸿烈 ,冯良为著@FRen Hong Lie ,Feng Liang Wei Zhu |
| 210 | @a广州@c华南理工大学出版社@d1989.03 | |
| 215 | @a358页@d32开 | |
| 606 | 0 | @a合成树脂@x化学工业 |
| 606 | 0 | @a塑料工业 |
| 690 | @aTQ320.66@v3 | |
| 701 | 0 | @a任鸿烈 @4著 |
| 701 | 0 | @a冯良为@4著 |
| 801 | @aCN@bPftUser@c20000715 | |
| 905 | @b71201-205@dTQ320.66@eR450@f5 | |
| 塑料成型模具制造技术/任鸿烈 ,冯良为著.-广州:华南理工大学出版社,1989.03 |
| 358页;32开 |
| ISBN 7-5623-0105-0:8.00。5 |
| ● |
| 相关链接 |
|
|
|
正题名:塑料成型模具制造技术
索取号:TQ320.66/R450
 
预约/预借
| 序号 | 登录号 | 条形码 | 馆藏地/架位号 | 状态 | 备注 |
| 1 | 71201 | 200712014 | 自科库501/501自科库 140排7列4层/ [索取号:TQ320.66/R450] | 在馆 | |
| 2 | 71202 | 200712023 | 自科二线504/504自科库 43排1列1层/ [索取号:TQ320.66/R450] | 在馆 | |
| 3 | 71203 | 200712032 | 自科二线504/110考试书库 4排1列2层/ [索取号:TQ320.66/R450] | 在馆 | |
| 4 | 71204 | 200712041 | 自科二线504/504自科库 43排1列1层/ [索取号:TQ320.66/R450] | 在馆 | |
| 5 | 71205 | 200712050 | 自科二线504/110考试书库 4排1列2层/ [索取号:TQ320.66/R450] | 在馆 |